LEADER 00916nam0-22003251i-450- 001 990003244800403321 005 20001010 010 $a0-7201-2175-2 035 $a000324480 035 $aFED01000324480 035 $a(Aleph)000324480FED01 035 $a000324480 100 $a20000920d1994----km-y0itay50------ba 101 0 $aita 105 $ay-------001yy 200 1 $aECONOMIC DEVELOPMENT AND INDUSTRIALE POLICY$ekorea,Brazil,Mexico,India and China 205 $a1?) 210 $aLondon$cAuty$d1994 215 $app.274 610 0 $aMonografie e Saggi, Geografia Industriale 676 $a045.002 710 02$aGLOBAL DEVELOPMENT ENVIRONMENT$0376447 801 0$aIT$bUNINA$gRICA$2UNIMARC 901 $aBK 912 $a990003244800403321 952 $a045.002.GDE.$b1707$fDECGE 959 $aDECGE 996 $aECONOMIC DEVELOPMENT AND INDUSTRIALE POLICY$9450106 997 $aUNINA DB $aING01 LEADER 01730nam0 2200361 i 450 001 IEI0047813 005 20251003044157.0 010 $a8815033254 100 $a19911118d1991 ||||0itac50 ba 101 | $aita 102 $ait 181 1$6z01$ai $bxxxe 182 1$6z01$an 183 1$6z01$anc$2RDAcarrier 200 1 $aˆLa ‰siderurgia italiana$e1945-1990$etra controllo pubblico e incentivi di mercato$fMargherita Balconi 210 $aBologna$cIl mulino$dcopyr. 1991 215 $a567 p.$cill.$d22 cm 225 | $aPubblicazioni della Fondazione ASSI 410 0$1001CFI0167946$12001 $aPubblicazioni della Fondazione ASSI$171202$aAssociazione di storia e studi sull'impresa$3CFIV011910 606 $aINDUSTRIA SIDERURGICA$xITALIA$x1945-1990$2FIR$3MILC031729$9I 676 $a338.006045$9PRODUZIONE. Organizzazioni. Italia$v23 676 $a338.00945$9PRODUZIONE. PRINCIPI E TEORIE GENERALI. ITALIA$v20 700 1$aBalconi$b, Margherita$3LO1V045929$4070$0529089 801 3$aIT$bIT-000000$c19911118 850 $aIT-BN0095 $aIT-NA0457 $aIT-NA0095 901 $bNAP BI$cSALA 3 $nLibri da 1597 a 3785 901 $bNAP SB$cSAB-CAM $n$ 901 $bNAP 01$cPOZZO LIB.$nVi sono collocati fondi di economia, periodici di ingegneria e scienze, periodici di economia e statistica e altri fondi comprendenti documenti di economia pervenuti in dono. 912 $aIEI0047813 950 0$aBiblioteca Centralizzata di Ateneo$c1 v.$d 01POZZO LIB.ECON MON 6656$e 0101 0700162595E VMA 1 v. Precedente collocazione 16 EC 259$fB $h20220718$i20220718 977 $a 01$a BI$a SB 996 $aSiderurgia italiana$92898942 997 $aUNISANNIO